Narrativa norteamericana (1940/1980). tomo 1 /

Guardado en:
Autor Principal: Karl, Frederick R.
Formato: Libro
Publicado: Buenos Aires : Tres Tiempos, 1987
Series:Ensayos, 43
Materias:
Etiquetas: Agregar Etiqueta
Sin Etiquetas, Sea el primero en etiquetar este registro!
LEADER 00498nam a22001575a 4500
001 EHU.bham008098
003 AR-BHAM
005 20100104141402.0
008 130507s1987##################000#0#####d
082 8 1 |a 813.509 
100 1 |a Karl, Frederick R. 
245 1 0 |a Narrativa norteamericana (1940/1980). tomo 1 /  |c Frederick R. Karl. 
260 |a Buenos Aires :  |b Tres Tiempos,  |c 1987 
490 0 |a Ensayos, 43 
653 |a Novela eeuu-1901- 
859 |a AR-BHAM  |b BIB. HUMANIDADES - General  |h 813.509  |i K146  |p 148.90  |t Ej.1  |v I  |3 I